000 00741nam a22001697a 4500
003 UA-OsUOA
001 14673
007 ta
008 20031015b un ||||| |||| 00| 0 ukr d
942 _cSA
040 _aUA-OsUOA
_cUA-OsUOA
_dUA-OsUOA
245 _aЯрослав Поліщук - лауреат літературної премії : [Міжнар. премію ім. В.Вінніченка присудили проф. Рівнен. гуманітар. ун-ту Я.Поліщуку за наук. та краєзн. публікації остан. років]
300 _aС.1
955 _a0
773 0 _w0
_tВісті Рівненщини
_dРівне
_d2003
_g№59/ 16 лип./
650 7 _aКраєзнавча робота
_2UDC
999 _c300837
_d300837